000 01251cgm a2200289 4500
008 090401t1995 xxu||||| |||| 00| 0 eng d
020 _a189976920X
020 _a189976920X
035 _a(Sirsi) u89226
041 _aeng
050 _a346.410434
_c18
100 _aHollis, Malcolm
245 _aDilapidations
_ba CPD study pack.
250 _a2nd ed.
260 _aReading
_bCollege of Estate Management
_c1995
300 _avi, 49p.
_bill.
_c30cm. + 1 audio cassette (ca. 60 min.)
350 _a42.89
490 _aCollege of Estate Management CPD Study Pack
520 _aThis study pack provides advice on how to identify and interpret statutory controls affecting the liability for dilapidations and interpreting the obligations imposed by the lease. Also looks at the scope of different repairing covenants as well as describing the format and roles of reports.
520 _aAccompanied by the Owlion Audio Programme entitled "Dilapidations 1996" (J4012), which is also available to borrow.
520 _aSuperseded by third edition (ISBN 1899769676).
650 _aDilapidations
_96235
690 _aBUILT ENVIRONMENT-BUILDING INSPECTION
710 _aCollege of Estate Management
_9400
942 _n0
948 _c23/10/1998
999 _c85371
_d85371